Top 15 Celebrities Born In 1975 - Statistics

General Stats
  • This quiz has been taken 235 times
  • The average score is 9 of 15
Answer Stats
Picture Answer % Correct
Angelina Jolie
93%
Mel B
80%
Tobey Maguire
76%
Kate Winslet
75%
Bradley Cooper
72%
DJ Khaled
63%
Drew Barrymore
63%
50 Cent
62%
Fergie
59%
Sia
54%
Will.i.am
54%
Russell Brand
43%
Charlize Theron
40%
Michael Buble
40%
Juicy J
5%
No matching quizzes found
Score Distribution
Percent of People with Each Score
Percentile by Number Answered
Your Score History
You have not taken this quiz